00867nab a2200229 uc450000100070000000500170000700800410002403500110006503500210007604000130009704100080011010000570011824500520017565000440022765000400027165000450031170000530035670000480040977301510045794200100060899900190061875806020251122100213.0020628e20010901 spa  a758060 a(OCoLC)819977745 ccomduadb aspa10aRico Garcia, Maria Isabel Artemiza4auteaut952142610aUtilidad de la evaluacion del desempeno docente 7aEducación en enfermería2dcs913804 7aEvaluación educativa2lemb929306 7aEvaluación en enfermería2dcs95087810aMontalvo Cordova, Elda Yolanda4auteaut936220410aAyala Atrian, Sara Silvia4auteaut93620460 tRevista de Enfermería del Instituto Mexicano del Seguro Social (México)gVol. 09, No. 03, Sep.-Dic. 2001, p. 137-141w583108z0188431X0148066 cARIMP c240991d240991